000 00542nam a2200145Ia 4500
008 081213s9999 xx 000 0 und d
050 _aBV213
_b.H46 1981
100 _aHenry, Mathew
245 _aThe secret of communion with God/
_cMathew Henry
260 _c1981
_aNew Canaan
_bKeats publushing, Inc.
300 _axiii,123 p. ;
_c22cm.
650 _bPrayer
_vSermons
_xChristianity
942 _cBK
_2lcc
999 _c18664
_d18664